000
00191 a2200097 4500
020
_a
9780746088180
041
_a
eng
100
_a
Karen Dolby
245
_a
Lucy and the Sea Monster
942
_c
BK
999
_c
9541
_d
9541